Obras de Leibnitz / (Record no. 157478)
[ view plain ]
| 000 -LEADER | |
|---|---|
| campo de control de longitud fija | 01005nam a22002415i 4500 |
| 001 - NÚMERO DE CONTROL | |
| campo de control | 157478 |
| 003 - IDENTIFICADOR DE NÚMERO DE CONTROL | |
| campo de control | ES-MaACL |
| 005 - FECHA Y HORA DE LA ÚLTIMA TRANSACCIÓN | |
| campo de control | 20250701212937.0 |
| 008 - DATOS DE LONGITUD FIJA--INFORMACIÓN GENERAL | |
| campo de control de longitud fija | 940301s1878 sp |||| | spa d |
| 040 ## - FUENTE DE CATALOGACIÓN | |
| Centro catalogador/agencia de origen | AS |
| Lengua de catalogación | spa |
| 100 1# - ENTRADA PRINCIPAL--NOMBRE DE PERSONA | |
| Nombre de persona | Leibniz, Gottfried Wilhelm |
| Títulos y otros términos asociados al nombre | Freiherr von. |
| 9 (RLIN) | 71367 |
| 245 10 - MENCIÓN DEL TÍTULO | |
| Título | Obras de Leibnitz / |
| Mención de responsabilidad, etc. | puestas en lengua castellana por Patricio de Azcárate. |
| 260 ## - PUBLICACIÓN, DISTRIBUCIÓN, ETC. | |
| Lugar de publicación, distribución, etc. | Madrid : |
| Nombre del editor, distribuidor, etc. | Casa Editorial de Medina, |
| Fecha de publicación, distribución, etc. | [s.a.] ( |
| Fabricante | Establecimiento tipográfico de J.C. Conde y C\sa\p) |
| 300 ## - DESCRIPCIÓN FÍSICA | |
| Extensión | 5 v. ; |
| Dimensiones | 22 cm. |
| 490 1# - MENCIÓN DE SERIE | |
| Mención de serie | Biblioteca filosófica ; |
| Designación de volumen o secuencia | 22-26 |
| 596 #1 - NOTA AL PIE DE IMPRENTA | |
| NOTA AL PIE DE IMPRENTA | Palau 7 p. 463 lo fecha hacia 1878. |
| 596 ## - NOTA AL PIE DE IMPRENTA | |
| NOTA AL PIE DE IMPRENTA | El establecimiento tipográfico en el v.5 es de M.P.Montoya y Compañía. |
| 597 #1 - NOTA DE DESCRIPCIÓN FÍSICA | |
| NOTA DE DESCRIPCIÓN FÍSICA | T.I (XV, 468 p.) -- T.II (323 p.) -- T.III (394 p.) -- T.IV (427 p.) -- T.V (471 p.) |
| 700 1# - ENTRADA AGREGADA--NOMBRE PERSONAL | |
| Nombre de persona | Azcárate, Patricio de, |
| Fechas asociadas al nombre | 1800-1886 |
| 9 (RLIN) | 24249 |
| 830 00 - PUNTO DE ACCESO ADICIONAL DE SERIE-TÍTULO UNIFORME | |
| Título uniforme | Biblioteca filosófica |
| Designación de volumen o secuencia | 22-26 |
| 9 (RLIN) | 179275 |
| 852 ## - LOCALIZACIÓN | |
| Ubicación | ES-MaACL |
| Número de control de estantería | D-4974-78 |
| Nota libre | -- Rust. |
| Estatus retirado | Estado de pérdida | Estado de daño | No para préstamo | Biblioteca de origen | Biblioteca actual | Ubicación en estantería | Fecha de adquisición | Total de préstamos | Signatura topográfica completa | Código de barras | Visto por última vez | Precio de reemplazo | Tipo de ítem Koha |
|---|---|---|---|---|---|---|---|---|---|---|---|---|---|
| Biblioteca del Ateneo de Madrid | Biblioteca del Ateneo de Madrid | Sala Valle Inclán | 17/01/2008 | D-4974-78 | 901164796 | 23/02/2023 | 23/02/2023 | Libro impreso |
